Strategic management : an integrated approach : theory & cases / (Record no. 4483)

000 -LEADER
fixed length control field 01605cam a2200445 i 4500
001 - CONTROL NUMBER
control field 20676754
003 - CONTROL NUMBER IDENTIFIER
control field OSt
005 - DATE AND TIME OF LATEST TRANSACTION
control field 20260331100839.0
008 - FIXED-LENGTH DATA ELEMENTS--GENERAL INFORMATION
fixed length control field 180920t20202020maua b 001 0 eng d
010 ## - LIBRARY OF CONGRESS CONTROL NUMBER
LC control number 2018959065
020 ## - INTERNATIONAL STANDARD BOOK NUMBER
Cancelled/invalid ISBN 9780357716625
035 ## - SYSTEM CONTROL NUMBER
System control number 20676754
035 ## - SYSTEM CONTROL NUMBER
System control number (OCoLC)1084434706
040 ## - CATALOGING SOURCE
Original cataloging agency YDX
Language of cataloging eng
Transcribing agency YDX
Description conventions rda
Modifying agency UAB
-- OCLCF
-- OCLCQ
-- OCLCO
-- ZRS
-- DLC
042 ## - AUTHENTICATION CODE
Authentication code lccopycat
043 ## - GEOGRAPHIC AREA CODE
Geographic area code n-us---
050 00 - LIBRARY OF CONGRESS CALL NUMBER
Classification number H54 2020H54 2020
082 04 - DEWEY DECIMAL CLASSIFICATION NUMBER
Classification number 658.40120973
Edition number 23
100 1# - MAIN ENTRY--PERSONAL NAME
Personal name Hill, Charles W. L.,
Relator term author.
245 10 - TITLE STATEMENT
Title Strategic management : an integrated approach : theory & cases /
Statement of responsibility, etc Charles W.L. Hill, Melissa A. Schilling
250 ## - EDITION STATEMENT
Edition statement 14e.
300 ## - PHYSICAL DESCRIPTION
Extent 1 volume (various pagings) :
Other physical details color illustrations ;
Dimensions 26 cm
504 ## - BIBLIOGRAPHY, ETC. NOTE
Bibliography, etc Includes bibliographical references and index.
650 #0 - SUBJECT ADDED ENTRY--TOPICAL TERM
Topical term or geographic name as entry element Management
Geographic subdivision United States
Form subdivision Case studies.
650 #0 - SUBJECT ADDED ENTRY--TOPICAL TERM
Topical term or geographic name as entry element Strategic planning
Geographic subdivision United States
Form subdivision Case studies.
650 #0 - SUBJECT ADDED ENTRY--TOPICAL TERM
Topical term or geographic name as entry element Business planning
Geographic subdivision United States
Form subdivision Case studies.
650 #6 - SUBJECT ADDED ENTRY--TOPICAL TERM
Topical term or geographic name as entry element Planification stratégique
Geographic subdivision États-Unis
Form subdivision Études de cas.
650 #7 - SUBJECT ADDED ENTRY--TOPICAL TERM
Topical term or geographic name as entry element Business planning.
Source of heading or term fast
650 #7 - SUBJECT ADDED ENTRY--TOPICAL TERM
Topical term or geographic name as entry element Management.
Source of heading or term fast
650 #7 - SUBJECT ADDED ENTRY--TOPICAL TERM
Topical term or geographic name as entry element Strategic planning.
Source of heading or term fast
651 #7 - SUBJECT ADDED ENTRY--GEOGRAPHIC NAME
Geographic name United States.
Source of heading or term fast
651 #7 - SUBJECT ADDED ENTRY--GEOGRAPHIC NAME
Geographic name UNITED STATES.
Source of heading or term nasat
655 #7 - INDEX TERM--GENRE/FORM
Genre/form data or focus term Case studies.
Source of term fast
655 #7 - INDEX TERM--GENRE/FORM
Genre/form data or focus term Case studies.
Source of term lcgft
700 1# - ADDED ENTRY--PERSONAL NAME
Personal name Schilling, Melissa A.,
Relator term author.
906 ## - LOCAL DATA ELEMENT F, LDF (RLIN)
a 7
b cbc
c copycat
d 3
e ncip
f 20
g y-gencatlg
942 ## - ADDED ENTRY ELEMENTS (KOHA)
Source of classification or shelving scheme
Koha item type Book
Holdings
Withdrawn status Lost status Source of classification or shelving scheme Damaged status Not for loan Home library Current library Shelving location Date acquired Full call number Barcode Date last seen Copy number Price effective from Koha item type
          Riara University Library Riara University Library General stack 31/03/2026 HD70.H54 2024 10918/26 31/03/2026 C.1 31/03/2026 Book
          Riara University Library Riara University Library General stack 31/03/2026 HD70.H54 2024 10919/26 31/03/2026 C.2 31/03/2026 Book

Riara University Library,
P.O. Box 49940-00100,
Nairobi, Kenya.